| 000 | 00781nam a2200229Ia 4500 | ||
|---|---|---|---|
| 001 | 8930 | ||
| 003 | GE_BSU | ||
| 008 | 181216s||||||||xx |||||||||||||| ||und|| | ||
| 040 | _cGE_BSU | ||
| 080 | _a82-93 | ||
| 100 | _aკეჭაღმაძე,გიორგი | ||
| 245 | _aჩვენს კაპიტანს გაუმარჯოს | ||
| 245 | _bმოთხრობები | ||
| 245 | _cრედ.კ.ლორთქიფანიძე, მხატვ.ა.გახარია | ||
| 260 | _aთბილისი | ||
| 260 | _bნაკადული | ||
| 260 | _c1968 | ||
| 300 | _a155გვ.20სმ. | ||
| 653 | _aმოთხრობები | ||
| 653 | _aჩვენს კაპიტანს გაუმარჯოს | ||
| 942 | _cBK | ||
| 999 |
_c42235 _d42235 |
||